00424nam a2200133Ia 4500100002900000942000700029654000900036245005600045260002900101082001400130546001200144999001700156952011700173 aSantacruz operation Inc  cBK aunix aSCO Unix system v Operating system users reference bSantacruz Operation Inc. a5.43bSCO aENGLISH c26150d26150 001040708CRCaCRCEbCRCEc1473 | 5d2023-03-17g362.50l0o5.43 SCOp4130r2023-03-17v362.50w2023-03-17yBK